00526 2200205 4500001002100000005001500021035002000036007000300056008004100059020002200100082000800122084001400130100001400144245006500158250000600223260004500229300002200274700001400296600001000310INLIS00000000000086520220610095354 a0010-0622000009ta220610 d f ind  a978-602-03-1462-4 a813 a813 TAN s0 aTan Ilana1 aSeri Kesehatan Haid Pertamaku :bIn a Blue Moon /cIlana Tan a2 aJakarta :bGramedia Pustaka Utama,c2015 a320 hlm. ;c20 cm0 aTan Ilana 4aNovel